Japonská výzva celému světu.

Štyri predpoklady pružnej výroby. Pružný výrobný systém má pokračovať "inteligentným výrobným systémom" - intelligent manufacturing system (IMS). Podnet k tomuto systému prichádza z Japonska. Základné črty tohto konceptu.

Enregistré dans:
Détails bibliographiques
Auteur principal: Jirásek, J.
Format: Chapitre de livre
Langue:tchèque
Sujets:
Tags: Ajouter un tag
Pas de tags, Soyez le premier à ajouter un tag!

MARC

LEADER 00000naa a2200000 4500
001 r009315
005 20220831084508.5
041 0 |a cze 
044 |a [CS] 
245 1 0 |a Japonská výzva celému světu.  |c J. Jirásek 
520 |a Štyri predpoklady pružnej výroby. Pružný výrobný systém má pokračovať "inteligentným výrobným systémom" - intelligent manufacturing system (IMS). Podnet k tomuto systému prichádza z Japonska. Základné črty tohto konceptu. 
610 2 0 |a systémy výrobné pružné 
610 2 0 |a IMS 
610 2 0 |a Japonsko 
610 2 0 |a proces výrobný 
610 2 0 |a výroba 
610 2 0 |a organizácia výroby 
610 2 0 |a CAD 
610 2 0 |a CAM 
100 1 |a Jirásek, J.